Sports Quiz

Random Sports Quiz

Real Madrid's top 20 goalscorers since 2000 Quiz Stats

Quiz not verified by Sporcle

Challenge
Share
Tweet
Embed
Score 0/20 Timer 05:00
0 Plays Today
Goals Answer % Correct
261Cristiano Ronaldo
99.8%
83Ronaldo
99.7%
112Karim Benzema
96.5%
43Sergio Ramos
94.2%
127Raul
93.5%
49Gareth Bale
91.7%
37Zinedine Zidane
81.7%
47Roberto Carlos
74.8%
38Luis Figo
73.3%
19Marcelo
71%
Goals Answer % Correct
107Gonzalo Higuain
69.8%
21James Rodriguez
62.4%
37Guti
54.2%
22Di Maria
52.3%
46Ruud van Nistelrooy
51.4%
19Mesut Ozil
49.3%
29Fernando Morientes
46.6%
23Kaka
44.7%
25Robinho
36.4%
19Ivan Helguera
27.7%

You're not logged in!

Compare scores with friends on all Sporcle quizzes.
Join for Free
OR
Log In

You Might Also Like...

Show Comments

Extras

Top Quizzes Today


Score Distribution

Your Account Isn't Verified!

In order to create a playlist on Sporcle, you need to verify the email address you used during registration. Go to your Sporcle Settings to finish the process.

Report this User

Report this user for behavior that violates our Community Guidelines.

Details: